000 00282nam a22001217a 4500
008 180111b xxu||||| |||| 00| 0 eng d
041 _aeng
080 _23 ED
_a541
100 _a12
101 _aKIM
245 _aSTUDY GUIDE ORGANIC CHEMISTRY
_cMORRISON.R.T
942 _2udc
_cBK
999 _c40153
_d40153